Guess The Brand! #36 - Statistics

General Stats
  • This quiz has been taken 33 times
  • The average score is 18 of 50
Answer Stats
Picture Answer % Correct
MG
89%
Apple TV
82%
Foot Locker
75%
Tsingtao
71%
Amazon Prime
68%
Krispy Kreme
68%
Casio
64%
Holsten
64%
Filmax
57%
Pedigree
57%
Dulux
46%
Sunglass Hut
46%
Freightline
43%
Los Angeles Kings
43%
Twinings
43%
Metlife
39%
Sara Lee
39%
Assassins Creed
36%
Lionair
36%
O'Reilly
36%
Ottawa Senators
36%
Datsun
32%
New York Fries
32%
New York Islanders
32%
Seattle Kraken
32%
TSN
32%
Acrobat
29%
Boomerang
29%
Citrix
29%
Montreal Canadians
29%
St. Louis Blues
29%
Dr Who
25%
Food Lion
25%
Priceline
25%
Air Seoul
21%
Hanna-Barbera
21%
Icelandair
21%
Kitchenaid
21%
Maxell
21%
Utah Hockey Club
21%
Bulova
18%
Donut King
18%
Equifax
18%
Hudsons Bay
18%
Imperial Tobacco
18%
KPN
18%
National Fuel
18%
OpenTable
18%
Puffin Designs
14%
Tampa Bay Lighting
14%
No matching quizzes found
Score Distribution
Percent of People with Each Score
Percentile by Number Answered
Your Score History
You have not taken this quiz